000 00232nam a22000977a 4500
082 _a891.4393
_bBAN
100 _aQudsia, Bano
245 _aMosam ki Galiaan
942 _2ddc
_cBK
999 _c541196
_d541196